| 000 | 00773nam a2200205 a 4500 | ||
|---|---|---|---|
| 005 | 20210223125152.0 | ||
| 008 | 031009s1983 mx r 000 0 spa d | ||
| 035 | _aUPN01000129859 | ||
| 049 | _aCG | ||
| 050 | 4 |
_aZ1035.1 _bI2.2 |
|
| 100 | 1 | _aIbarra Fernández, Abraham | |
| 245 | 1 | 0 |
_aCatálogo de obras de consulta existentes en la Capilla Alfonsina Biblioteca Universitaria / _cAbraham Ibarra Fernández. |
| 260 |
_aMonterrey : _bUANL, Capilla Alfonsina Biblioteca Universitaria, _c1983. |
||
| 300 | _a197 p. | ||
| 440 | 0 |
_aEstudios bibliográficos ; _v1 |
|
| 610 | 1 | 4 |
_aMEXICO. _bCAPILLA ALFONSINA - _vBIBLIOGRAFIA |
| 650 | 4 |
_aLIBROS DE CONSULTA - _vBIBLIOGRAFIA _910386 |
|
| 650 | 4 |
_aPUBLICACIONES PERIODICAS MEXICANAS - _vBIBLI0GRAFIA - _xCATALOGOS |
|
| 905 | _aLibro | ||
| 999 |
_c102016 _d102016 |
||